000 00835cab a2200265 4500
001 ABS59182
008 090401t1998 xxu||||| |||| 00| 0 eng d
035 _a(Sirsi) u88081
041 _aeng
100 _aDouglas-Home, J,
245 _aCounting the costs of Scottish land reform
260 _c1998
350 _a0
490 _aCountry Life
_v13 August 1998, 41-43(3)
520 _aDiscusses possible land reform under a new Scottish Assembly and looks at changes suggested by the Scottish Office`s Land Reform Policy Group`s report, "Identifying the problems", and the SNP Scottish Land Commission`s report.
650 _aESTATES
650 _aLAND REFORM
650 _aLANDOWNERS
650 _aSCOTLAND
650 _aSCOTTISH PARLIAMENT
650 _aSNP
690 _aLAND
942 _n0
948 _c20/08/1998
999 _c55631
_d55631